Quizzes
Events
Quiz Creation
Community
Videos
Private Events
Remove Ads
Sign In
Join for FREE
Feedback
Dark Mode
Quiz Categories
Sports
Geography
Music
Movies
Television
Just For Fun
Miscellaneous
History
Literature
Language
Science
Gaming
Entertainment
Religion
Holiday
For Kids
Quiz Lab
Recent
Popular Today
Quiz Kudos Today
Editor Picks
Curator Picks
Quizzes by...
Day
Popularity
Type
Ratings
Length
Year
Community
Subscriptions
Recent Discussions
Orange Saloon
Badges
Playlists
Quests
Create
Leaderboards
Showdown
Live 5
Trivia Bingo
Activity
Puzzle Library
Sporcle Events
Private Events
Virtual Trivia
Globe League
Become a Host
Pub Owners
SporcleCon
Opinionation
Our Games
Videos
Blog
Mobile Apps
Partnerships
Remove Ads and Go Orange
Feedback
Geography
Country
Landmarks
City
State
Population
World
Capital
Continent
Flags
Europe
Africa
Asia
South America
North America
Oceania
Border
Canada
United Kingdom
Topography
United States
Geography
Country
Landmarks
City
State
Population
World
Capital
Continent
Flags
Europe
Africa
Asia
South America
North America
Oceania
Border
Canada
United Kingdom
Topography
United States
Random Quiz
Search Sporcle
×
Quiz Lab
Quiz Lab
Geography
State
Type in answers that appear in a list
Type in answers that appear in a list
Classic
Best Score? Go Orange.
Fortune 100 Companies by State Stats
Can you name the Fortune 100 company in each state?
By
Enigma9994
4m
28 Questions
461 Plays
461 Plays
461 Plays
Comments
Comments
Give Quiz Kudos
Give Quiz Kudos
-
- Ratings
hide this ad
More Info
Forced Order
Answers have to be entered in order
Answers have to be entered in order
Replay
Link that replays current quiz
Next Quiz
Link to next quiz in quiz playlist
You Got
0%
They Got
Avg Score
26%
Avg Friend Score
Upgrade to see
Score Distribution
Jump to the score distribution portion of the page
Score
0/28
Timer
04:00
0
Plays Today
State
Company
% Correct
Arkansas
Wal-Mart, Tyson
84.3%
California
Chevron, HP, McKesson...
76.3%
New York
J.P Morgan Chase, Citigroup, Verizon...
59.1%
Georgia
Home Depot, UPS, Coca-Cola...
58%
Michigan
Ford, GM, Dow Chemical
57%
Washington
Costco, Microsoft, Amazon.com
48.5%
Texas
Exxon Mobil, ConocoPhillips, AT&T...
42%
Illinois
Archer Daniels Midland, Boeing, Walgreens...
41.7%
Minnesota
UnitedHealth, Target, Best Buy...
38.5%
Connecticut
GE, United Technologies, Aetna...
32.8%
North Carolina
Bank of America, Lowe's
30.9%
Nebraska
Berkshire Hathaway
29.8%
Delaware
DuPont
23.9%
Ohio
Cardinal Health, Procter & Gamble, Kroger
19.3%
State
Company
% Correct
Tennessee
FedEx, HCA
18%
New Jersey
Johnson & Johnson, Medco, Prudential...
16.3%
Pennsylvania
AmerisourceBergen, Comcast, Sunoco...
14.1%
Rhode Island
CVS Caremark
8.9%
Maryland
Lockheed Martin
7.8%
Kansas
Sprint Nextel
7.6%
Massachusetts
Liberty Mutual, Massachusetts Mutual, Raytheon
6.3%
Dist. of Columbia
Fannie Mae
5.9%
Florida
International Assets Holding, Publix
3.7%
Indiana
WellPoint
2.8%
Virginia
Freddie Mac, General Dynamics
2.8%
Kentucky
Humana
2.4%
Wisconsin
Johnson Controls
2.4%
Missouri
Express Scripts
2%
Quiz Playlist
Details
Report
Send in Message
Add To Playlist
More Info:
Enter one Fortune 100 company per each state that has at least one.
Classic:
Type in answers that appear in a list
Forced Order:
Answers have to be entered in order
Quiz Source
Last Updated: Feb 16, 2017
Quiz Scoreboard
CHALLENGE
Sign Up to Join the Scoreboard
Show All
Scores
Hide
Comments
May contain spoilers
Recently Published
Presidents Visiting Landmarks
by Hejman
History
7m
An Introduction to Baseball
by treessimontrees
Sports
5m
Movies - When Are They Set?
by FPL_Elf
Movies
5m
More to Explore
Quiz From the Vault
Featured Blog Post
Where Did the Easter Bunny Come From?
hide this ad
You Might Also Like...
Tags
Company Quiz
State Quiz
100
fortune
FORTUNE 100
Today's Top Quizzes in Geography
Browse Geography
hide this ad
Today's Top Quizzes in State
Browse State
Top Contributed Quizzes in Geography
1
Countries of the World - No Outlines Minefield
2
Top 25 Cities of France on a map
3
Any capital of a 'B' country per Continent
4
Closest Countries to UK A-Z
5
Any capital of a 'C' country per Continent
6
One Thing in Common: United Kingdom
7
Any capital of a 'D' country per Continent
8
Find the Provinces of Canada - No Outlines Minefield
9
5-to-1: US Geography No Hints
10
Any capital of an 'E' country per Continent
Explore More
Trending Topics
NBA
Harry Potter
Crossword
Disney
Kpop
Anime
Marvel
Puzzle
Pokémon
Song
NFL
WWE
Soccer
Country
The Office
hide this ad
More By:
Enigma9994
Quiz
Plays
Rating
Category
Featured
Created
NBA Best Selling Jerseys by Team (2011)
183,653
3.81
Sports
May 10, 2011
Cola Wars
106,510
4.02
Just For Fun
Apr 7, 2011
Countries with Most Fortune 500 HQs
86,591
4.52
Geography
Jan 30, 2011
Mixed Word: Fortune 500 Companies
36,650
4.40
Just For Fun
Mar 7, 2011
Europe's Oldest and Newest Countries
9,294
4.33
Geography
Feb 15, 2011
Go to Creator's Profile
Score Distribution
Quiz Creator Spotlight
Enigma9994
Follow
Send a Message
Quizzes Created
-
Created Quiz Play Count
-
More By This Creator
Popular Quizzes Today
1
Find the US States - No Outlines Minefield
2
Find the Countries of Europe - No Outlines Minefield
3
The Countries of the World
4
Find the US States
5
Popular People in 1961
6
US States
7
Risky Map Clicking: Biggest States A-Z
8
1-10 Letter E Words III
More Geography Quizzes
World Cuisine 4: Czechia
Quiz Lab
Trending Quizzes
Risky Map Clicking: Least Populous States A-Z
1-10 Letter G Words
1-10 Letter F Words
Risky Map Clicking: Next State Alphabetically
Risky Map Clicking: Biggest States A-Z
Recently Updated
Leaping Animals
pecheneg
Reality TV Shows (A-Z)
bhenderson79
Rickey Henderson's Hall of Fame Teammates
pecheneg
Champions League XIs: Arsenal
pecheneg
Quick Pick: Celebrities in WWE's Hall of Fame
aduchscher
A-Z Keypad Blitz II
pecheneg
Multiple Oscar Actors
pecheneg
Mystery Phrase Blitz: Oscar 'Best Actors'
pecheneg
F. Scott Fitzgerald Novels
LTH
Pick 3 Villains
ddd62291
Trending Topics
Harry Potter
Marvel
Kpop
Crossword
Disney
Anime
NBA
Puzzle
Song
WWE
Pokémon
The Office
NFL
Country
Soccer
Your Account Isn't Verified!
In order to create a playlist on Sporcle, you need to verify the email address you used during registration. Go to your
Sporcle Settings
to finish the process.
Report this User
Report this user for behavior that violates our
Community Guidelines
.
Details:
Send Report
Go to the Sporcle.com Mobile Site →
Comments